00378nam a2200145Ia 4500003000400000005001700004008004100021020001500062040000900077082001900086100001700105245005700122260004400179300000900223OSt20200520092332.0190216s9999||||xx |||||||||||||| ||und|| a8175360607 coclc a330.954bNAR/I aNarain, Brij 0aIndian Economic Life Past And Present /cBrij Narain bLow Price Publications, c1996.aDelhi: a578p